[Event "Copenhagen Chess Challenge 2013"]
[Site "Ballerup"]
[Date "2013.??.??"]
[Round "5"]
[White "Orio, Lars"]
[Black "Ulrich, Thomas"]
[Result "0-1"]
[WhiteElo "1936"]
[BlackElo "2005"]
[PlyCount "112"]
[EventDate "2013.??.??"]
[EventType "swiss"]
[EventRounds "9"]
[EventCountry "DEN"]

1. e4 e6 2. d4 d5 3. Nc3 Nf6 4. e5 Nfd7 5. f4 c5 6. Nf3 Nc6 7. Be3 a6 8. Ne2 b5
9. c3 Bb7 10. Ng3 g6 11. Bd3 b4 12. Rc1 bxc3 13. bxc3 Qa5 14. O-O c4 15. Bb1
Ba3 16. Rc2 Na7 17. Bc1 Be7 18. Qe1 Bc6 19. Rcf2 O-O-O 20. Ng5 Rdf8 21. Ne2 h6
22. Nf3 Kb8 23. g4 Rfg8 24. Ng3 Ka8 25. Kh1 Nb5 26. Bd2 Qd8 27. Rg2 Nb6 28. Bc2
Na3 29. Bd1 Qd7 30. Bc1 Ba4 31. Qd2 Bxd1 32. Rxd1 Na4 33. Ne1 Nb1 34. Qc2 Naxc3
35. Bd2 Nxd1 36. Qxb1 c3 37. Bc1 Nb2 38. Bxb2 Rb8 39. Qd3 Rxb2 40. Qxc3 Rxg2
41. Kxg2 Rc8 42. Qd2 Qa4 43. Kh3 Bb4 44. Qe2 Bxe1 45. Qxe1 Rc4 46. Qb1 Qb4 47.
Qf1 Qc3 48. f5 gxf5 49. gxf5 Qxd4 50. fxe6 Qg4+ 51. Kg2 Rc2+ 52. Kh1 Qxe6 53.
Qd1 Qc6 54. Qd4 Rc4 55. Qd3 Rc1+ 56. Kg2 Qc2+ 0-1

[Event "Copenhagen Chess Challenge 2013"]
[Site "Ballerup"]
[Date "2013.??.??"]
[Round "5"]
[White "Vyvyan, Philippe"]
[Black "Frank Nielsen, Marie"]
[Result "0-1"]
[WhiteElo "1709"]
[BlackElo "1984"]
[PlyCount "87"]
[EventDate "2013.??.??"]
[EventType "swiss"]
[EventRounds "9"]
[EventCountry "DEN"]

1. e4 c5 2. c3 Qa5 3. Na3 d6 4. Nc4 Qc7 5. d4 cxd4 6. cxd4 g6 7. Nf3 Bg7 8. Be2
Bg4 9. Ne3 Bxf3 10. Bxf3 e6 11. O-O Ne7 12. h4 Nbc6 13. d5 Nd4 14. h5 e5 15.
Ng4 gxh5 16. Nh6 Bxh6 17. Bxh6 Qd7 18. Bxh5 Rg8 19. Kh2 Ng6 20. f4 Qe7 21. Bg5
f6 22. Bh6 O-O-O 23. f5 Nf8 24. Be3 Qg7 25. g4 Kb8 26. Qd2 Rc8 27. Rac1 Rxc1
28. Qxc1 Nd7 29. Bh6 Qe7 30. Bd2 Nc5 31. Qb1 Rc8 32. b4 Nd7 33. Kh1 Nb6 34. Be3
Ne2 35. Bf2 Nc3 36. Qd3 Nca4 37. Qb5 Nc3 38. Qa5 Nxe4 39. Bxb6 axb6 40. Qxb6
Ng3+ 41. Kg2 Nxf1 42. Kxf1 Qc7 43. Qe3 Qc1+ 44. Qe1 0-1

[Event "Copenhagen Chess Challenge 2013"]
[Site "Ballerup"]
[Date "2013.??.??"]
[Round "5"]
[White "Marthedal, Anton Mehmet Yildiz"]
[Black "Nielsen, Thomas (1975)"]
[Result "0-1"]
[WhiteElo "1574"]
[BlackElo "1886"]
[PlyCount "56"]
[EventDate "2013.??.??"]
[EventType "swiss"]
[EventRounds "9"]
[EventCountry "DEN"]

1. c4 e6 2. Nc3 Nf6 3. g3 d5 4. cxd5 exd5 5. d4 c5 6. Bg5 Be7 7. Bg2 Nc6 8. e3
cxd4 9. exd4 O-O 10. Nge2 Re8 11. O-O Bg4 12. Qd2 h6 13. Be3 Bb4 14. f3 Bf5 15.
a3 Ba5 16. b4 Bc7 17. Nb5 Bb6 18. Bf4 Re6 19. g4 Bh7 20. Bh3 a6 21. Nbc3 g5 22.
Bg3 Ba7 23. f4 Ne4 24. Nxe4 Bxe4 25. f5 Re8 26. f6 Re6 27. Nc3 Nxd4 28. Bf2
Nf3+ 0-1

[Event "Copenhagen Chess Challenge 2013"]
[Site "Ballerup"]
[Date "2013.??.??"]
[Round "5"]
[White "Haagen Larsen, Hans"]
[Black "Undheim, Bjarne"]
[Result "0-1"]
[WhiteElo "1745"]
[BlackElo "1836"]
[PlyCount "32"]
[EventDate "2013.??.??"]
[EventType "swiss"]
[EventRounds "9"]
[EventCountry "DEN"]

1. d4 d5 2. Nf3 Nc6 3. Bf4 Bf5 4. e3 e6 5. Bd3 Bxd3 6. cxd3 Bd6 7. Ne5 Nge7 8.
Qh5 O-O 9. Nd2 Nb4 10. Ke2 f6 11. a3 fxe5 12. dxe5 Nxd3 13. exd6 Nxf4+ 14. exf4
Qxd6 15. g3 Qa6+ 16. Kf3 Qd3+ 0-1

[Event "Copenhagen Chess Challenge 2013"]
[Site "Ballerup"]
[Date "2013.??.??"]
[Round "5"]
[White "Jensen, Jonbert"]
[Black "Henriksen, Christian Steen"]
[Result "0-1"]
[WhiteElo "1576"]
[BlackElo "1814"]
[PlyCount "112"]
[EventDate "2013.??.??"]
[EventType "swiss"]
[EventRounds "9"]
[EventCountry "DEN"]

1. e4 c5 2. Nf3 d6 3. Bc4 Nf6 4. Nc3 Nc6 5. d4 cxd4 6. Nxd4 g6 7. Nxc6 bxc6 8.
e5 Nh5 9. exd6 Qxd6 10. Qxd6 exd6 11. Bb3 d5 12. Ba4 Bd7 13. g4 Nf6 14. h3 Be7
15. Bg5 h6 16. Bf4 O-O-O 17. O-O-O g5 18. Be3 Kb7 19. f3 Rhe8 20. Bf2 Bd6 21.
Bd4 Be5 22. Ne2 Bxd4 23. Nxd4 Re3 24. Rhf1 Rde8 25. Kd2 Nh7 26. Rde1 Rxe1 27.
Rxe1 Rxe1 28. Kxe1 Nf8 29. Ke2 Ng6 30. Kf2 Kc7 31. Kg3 Kd6 32. c3 f6 33. Bc2
Nf4 34. h4 c5 35. hxg5 hxg5 36. Nb3 Be6 37. Na5 d4 38. cxd4 cxd4 39. a3 d3 40.
Bd1 Kc5 41. Kf2 Kd4 42. Nc6+ Kc5 43. Nd8 Bd5 44. Ke3 Kc4 45. Kd2 Kd4 46. Ba4
Bxf3 47. Nc6+ Kc5 48. Nxa7 Bxg4 49. b4+ Kb6 50. Nb5 Bd7 51. Nc3 Bxa4 52. Nxa4+
Kc6 53. Nc3 g4 54. Ne4 Kb5 55. Nf2 g3 56. Ke1 g2 0-1

[Event "Copenhagen Chess Challenge 2013"]
[Site "Ballerup"]
[Date "2013.??.??"]
[Round "6"]
[White "Hector, Jonny"]
[Black "Brynell, Stellan"]
[Result "1/2-1/2"]
[WhiteElo "2510"]
[BlackElo "2478"]
[PlyCount "130"]
[EventDate "2013.??.??"]
[EventType "swiss"]
[EventRounds "9"]
[EventCountry "DEN"]

1. e4 e6 2. d4 d5 3. Nc3 Nf6 4. Bg5 Bb4 5. exd5 Qxd5 6. Nf3 Ne4 7. Bd2 Bxc3 8.
bxc3 Nxd2 9. Qxd2 b6 10. c4 Qd6 11. Bd3 Bb7 12. Qe3 Nd7 13. O-O O-O 14. Rad1
Rfd8 15. c3 c5 16. Rfe1 cxd4 17. cxd4 Rac8 18. Be2 Nf8 19. Ne5 Ng6 20. c5 bxc5
21. Nxg6 cxd4 22. Rxd4 Qxd4 23. Ne7+ Kf8 24. Qxd4 Rxd4 25. Nxc8 Bxc8 26. Rc1
Bb7 27. Rc7 Rd2 28. Bf1 Bd5 29. Rxa7 Bxa2 30. f3 g5 31. Ra4 Kg7 32. h4 h6 33.
hxg5 hxg5 34. Bc4 Bb1 35. Ra1 Rb2 36. Ra5 Kf6 37. Rb5 Rxb5 38. Bxb5 Ke5 39. Kf2
Kd4 40. g4 Ba2 41. Be8 f6 42. Bg6 Bd5 43. Bc2 Kc3 44. Bg6 Kd2 45. Bh7 Bc6 46.
Bb1 Bb5 47. Ba2 Bd7 48. Bb1 Bc8 49. Ba2 Kd3 50. Bb1+ Kd4 51. Ba2 Bd7 52. Bb1 e5
53. Bc2 Bc6 54. Bf5 Ba4 55. Bc8 Bc2 56. Bb7 Bb3 57. Bc8 Ba4 58. Bf5 Bc6 59. Bc2
Bd7 60. Bb1 Bb5 61. Bf5 Bd3 62. Bd7 Bc2 63. Bc6 e4 64. fxe4 Bxe4 65. Ba4 f5
1/2-1/2

[Event "Copenhagen Chess Challenge 2013"]
[Site "Ballerup"]
[Date "2013.??.??"]
[Round "6"]
[White "Bekker Jensen, Simon"]
[Black "Georgiev, Vladimir"]
[Result "1/2-1/2"]
[WhiteElo "2412"]
[BlackElo "2559"]
[PlyCount "84"]
[EventDate "2013.??.??"]
[EventType "swiss"]
[EventRounds "9"]
[EventCountry "DEN"]

1. d4 Nf6 2. c4 e6 3. Nc3 Bb4 4. e3 O-O 5. Nge2 d5 6. a3 Bd6 7. Ng3 c6 8. e4
dxe4 9. Ngxe4 Nxe4 10. Nxe4 Be7 11. f4 Nd7 12. Be2 c5 13. Be3 cxd4 14. Qxd4 Nf6
15. Qxd8 Rxd8 16. Bf3 Bd7 17. O-O-O Nxe4 18. Bxe4 Rac8 19. Bxb7 Rxc4+ 20. Kb1
Rc7 21. Bf3 Bb5 22. Rxd8+ Bxd8 23. Rd1 Bf6 24. Be4 g6 25. Rc1 Rd7 26. Bc6 Rd3
27. Bxb5 Rxe3 28. Rc8+ Kg7 29. Kc2 Bd4 30. Rc7 Bb6 31. Rb7 Kf8 32. Rb8+ Kg7 33.
Rb7 h5 34. Be8 Re2+ 35. Kd3 Rxb2 36. Rxf7+ Kh6 37. g3 Bd8 38. Rxa7 Rxh2 39. Ra6
Rh3 40. Rxe6 Rxg3+ 41. Ke2 Kg7 42. Rxg6+ Rxg6 1/2-1/2

[Event "Copenhagen Chess Challenge 2013"]
[Site "Ballerup"]
[Date "2013.??.??"]
[Round "6"]
[White "Hagen, Andreas Skytte"]
[Black "Andersen, Mads"]
[Result "0-1"]
[WhiteElo "2400"]
[BlackElo "2484"]
[PlyCount "120"]
[EventDate "2013.??.??"]
[EventType "swiss"]
[EventRounds "9"]
[EventCountry "DEN"]

1. e4 e5 2. Nf3 Nc6 3. Bb5 Nf6 4. O-O Nxe4 5. d4 Nd6 6. Bxc6 dxc6 7. dxe5 Nf5
8. Qxd8+ Kxd8 9. Nc3 Ke8 10. h3 h5 11. Bf4 Be7 12. Rad1 Be6 13. Ng5 Rh6 14.
Rfe1 Rd8 15. Rxd8+ Kxd8 16. Nxe6+ Rxe6 17. Ne4 Ke8 18. Ng3 Nxg3 19. Bxg3 h4 20.
Bf4 c5 21. c4 Ra6 22. a3 Ra4 23. Re4 b5 24. Bc1 Rxc4 25. Rxc4 bxc4 26. f4 Kd7
27. Kf2 Ke6 28. Bd2 Kf5 29. Kf3 g6 30. Ba5 c6 31. Bd2 a6 32. Bc3 Bf8 33. Be1
Be7 34. Bd2 f6 35. Bc3 fxe5 36. fxe5 Bd8 37. g4+ hxg3 38. Kxg3 g5 39. Kf3 Bc7
40. e6 Kxe6 41. Ke4 Bd8 42. a4 Bf6 43. a5 Bd8 44. Bd2 Be7 45. Be1 Bd6 46. Bd2
Kf6 47. Be3 Kg6 48. Bd2 Bc7 49. Bc3 Kh5 50. Kf5 Kh4 51. Bf6 Bf4 52. Be7 Bc1 53.
Bf6 Kxh3 54. Bxg5 Bxb2 55. Ke6 Kg4 56. Bh6 c3 57. Kd6 c4 58. Kc5 c2 59. Kxc4
Ba3 60. Kd4 Kf5 0-1

[Event "Copenhagen Chess Challenge 2013"]
[Site "Ballerup"]
[Date "2013.??.??"]
[Round "6"]
[White "Mikkelsen, Nikolaj"]
[Black "Fries Nielsen, Jens Ove"]
[Result "1-0"]
[WhiteElo "2417"]
[BlackElo "2373"]
[PlyCount "87"]
[EventDate "2013.??.??"]
[EventType "swiss"]
[EventRounds "9"]
[EventCountry "DEN"]

1. e4 d5 2. exd5 Qxd5 3. Nc3 Qd8 4. d4 a6 5. Nf3 Nf6 6. Ne5 Be6 7. Be2 c6 8.
O-O g6 9. a4 a5 10. Be3 Bg7 11. f4 Na6 12. Qe1 Nb4 13. Bd1 Bf5 14. Rc1 h5 15.
Ne2 Ng4 16. Bd2 Nd5 17. Rf3 Be4 18. Rb3 Nb6 19. Bxa5 Ra6 20. c4 e6 21. Rxb6
Rxb6 22. Bc2 Bxc2 23. Rxc2 c5 24. dxc5 Bxe5 25. fxe5 Qg5 26. Qd2 Ne3 27. Ng3
Ra6 28. Ne4 Qxg2+ 29. Qxg2 Nxg2 30. Nd6+ Kd7 31. Bb6 Nh4 32. Rf2 Nf5 33. a5
Nxd6 34. cxd6 f5 35. exf6 Kxd6 36. f7 Rxb6 37. axb6 Rf8 38. b4 Kc6 39. c5 g5
40. Kg2 Kd5 41. Rd2+ Kc4 42. Rd7 Kxb4 43. c6 bxc6 44. b7 1-0

[Event "Copenhagen Chess Challenge 2013"]
[Site "Ballerup"]
[Date "2013.??.??"]
[Round "6"]
[White "Haub, Thorsten Michael"]
[Black "Bekker Jensen, David"]
[Result "1/2-1/2"]
[WhiteElo "2458"]
[BlackElo "2292"]
[PlyCount "112"]
[EventDate "2013.??.??"]
[EventType "swiss"]
[EventRounds "9"]
[EventCountry "DEN"]

1. g3 Nf6 2. Bg2 g6 3. e4 d6 4. d4 Bg7 5. Ne2 O-O 6. O-O e5 7. h3 Nbd7 8. Be3
b6 9. Re1 Bb7 10. d5 Kh8 11. Nbc3 Ng8 12. f4 h5 13. Rf1 Bh6 14. Qd2 Kg7 15. Rf2
h4 16. g4 exf4 17. Nxf4 Qe7 18. Raf1 Kh7 19. Kh1 Ne5 20. b3 Rae8 21. a4 a5 22.
Nb5 Ba6 23. c4 Bxb5 24. cxb5 Nd7 25. g5 Bxg5 26. Ne6 Bxe3 27. Nxf8+ Rxf8 28.
Qxe3 Ngf6 29. Qg5 Kg7 30. Qxh4 Qe5 31. Qf4 Nh5 32. Qxe5+ Nxe5 33. Rd1 Nd7 34.
Rc2 Nc5 35. e5 dxe5 36. d6 cxd6 37. Rxd6 Rb8 38. Rxc5 bxc5 39. Bd5 Nf4 40. Bc4
f5 41. Ra6 e4 42. Rxa5 e3 43. Ra7+ Kf6 44. Rf7+ Ke5 45. Re7+ Kd4 46. a5 Rh8 47.
a6 Rxh3+ 48. Kg1 Rg3+ 49. Kf1 Rf3+ 50. Ke1 Rh3 51. a7 Rh1+ 52. Bf1 Nd3+ 53. Ke2
Nf4+ 54. Ke1 Nd3+ 55. Ke2 Nf4+ 56. Ke1 Nd3+ 1/2-1/2

[Event "Copenhagen Chess Challenge 2013"]
[Site "Ballerup"]
[Date "2013.??.??"]
[Round "6"]
[White "Englert, Fabian"]
[Black "Danielsen, Henrik"]
[Result "0-1"]
[WhiteElo "2214"]
[BlackElo "2500"]
[PlyCount "76"]
[EventDate "2013.??.??"]
[EventType "swiss"]
[EventRounds "9"]
[EventCountry "DEN"]

1. e4 g6 2. d4 Bg7 3. Nc3 d6 4. g3 Nd7 5. Bg2 c5 6. Nge2 Rb8 7. O-O Ngf6 8.
dxc5 Nxc5 9. e5 dxe5 10. Qxd8+ Kxd8 11. Be3 b6 12. Rfd1+ Bd7 13. h3 Kc7 14. a4
a5 15. g4 Bc6 16. Nb5+ Bxb5 17. axb5 Rhd8 18. Rxd8 Rxd8 19. Bxc5 bxc5 20. c4 e4
21. Nc3 Rd4 22. Rxa5 Rxc4 23. Ra7+ Kd6 24. g5 Nd5 25. Nxe4+ Ke6 26. b3 Rc1+ 27.
Bf1 Bd4 28. b6 Nxb6 29. Kg2 Nc8 30. Rc7 Nd6 31. Bd3 Nf5 32. b4 Nh4+ 33. Kg3
Be5+ 34. Kxh4 Bxc7 35. Nxc5+ Kd6 36. f4 Rg1 37. Be4 e6 38. Bf3 Bb6 0-1

[Event "Copenhagen Chess Challenge 2013"]
[Site "Ballerup"]
[Date "2013.??.??"]
[Round "6"]
[White "Carstensen, Jacob"]
[Black "Jacobsen, Bo"]
[Result "1-0"]
[WhiteElo "2401"]
[BlackElo "2310"]
[PlyCount "57"]
[EventDate "2013.??.??"]
[EventType "swiss"]
[EventRounds "9"]
[EventCountry "DEN"]

1. d4 d6 2. c4 e5 3. Nf3 exd4 4. Nxd4 g6 5. Nc3 Bg7 6. e4 Nc6 7. Nc2 Bxc3+ 8.
bxc3 Qh4 9. Bd3 Nf6 10. O-O O-O 11. f3 b6 12. Be3 Nd7 13. Qd2 Qd8 14. Bg5 f6
15. Bh6 Re8 16. c5 bxc5 17. Bb5 Ne7 18. Ne3 Kh8 19. Nd5 Ng8 20. Rab1 Rb8 21.
Bf4 Rf8 22. Nxc7 Ne5 23. Nd5 Be6 24. Rfd1 Bxd5 25. Qxd5 Rb6 26. Bc4 Nxc4 27.
Qxc4 Rxb1 28. Rxb1 f5 29. Rd1 1-0

[Event "Copenhagen Chess Challenge 2013"]
[Site "Ballerup"]
[Date "2013.??.??"]
[Round "6"]
[White "Haubro, Martin"]
[Black "Tikkanen, Hans"]
[Result "1/2-1/2"]
[WhiteElo "2179"]
[BlackElo "2552"]
[PlyCount "81"]
[EventDate "2013.??.??"]
[EventType "swiss"]
[EventRounds "9"]
[EventCountry "DEN"]

1. e4 g6 2. d4 d6 3. Nc3 Bg7 4. Be3 Nd7 5. h3 c6 6. a4 Ngf6 7. g3 O-O 8. Bg2 e5
9. Nge2 Nb6 10. b3 exd4 11. Bxd4 a5 12. O-O Be6 13. Qd2 d5 14. Qe3 Ra6 15. Rad1
Re8 16. Bxb6 Qxb6 17. Qxb6 Rxb6 18. exd5 Nxd5 19. Nxd5 Bxd5 20. Bxd5 cxd5 21.
Nf4 d4 22. Rfe1 Rd8 23. Re7 Bf6 24. Rc7 Be5 25. Rc5 Bxf4 26. gxf4 Rc6 27. Rxc6
bxc6 28. Kg2 Kg7 29. Kf3 Kf6 30. Re1 d3 31. cxd3 Rxd3+ 32. Re3 Rd5 33. Rc3 c5
34. Re3 Kf5 35. Re7 f6 36. Ke3 Rd4 37. Rc7 Re4+ 38. Kd3 Rd4+ 39. Ke3 Re4+ 40.
Kd3 Rd4+ 41. Ke3 1/2-1/2

[Event "Copenhagen Chess Challenge 2013"]
[Site "Ballerup"]
[Date "2013.??.??"]
[Round "6"]
[White "Smith, Axel"]
[Black "Matthiesen, Martin"]
[Result "1-0"]
[WhiteElo "2467"]
[BlackElo "2284"]
[PlyCount "65"]
[EventDate "2013.??.??"]
[EventType "swiss"]
[EventRounds "9"]
[EventCountry "DEN"]

1. Nf3 Nf6 2. c4 e6 3. Nc3 d5 4. d4 c6 5. e3 Nbd7 6. a3 Bd6 7. Bd3 O-O 8. O-O
e5 9. cxd5 cxd5 10. e4 dxe4 11. Nxe4 Nxe4 12. Bxe4 Nf6 13. Bg5 exd4 14. Bc2 h6
15. Bh4 Bc5 16. Qd3 g6 17. Qd2 Kg7 18. Rfe1 Be7 19. Qxd4 Qxd4 20. Nxd4 Bc5 21.
Rad1 Bg4 22. f3 Rad8 23. Bf2 Bd7 24. Ne6+ Bxe6 25. Bxc5 Rfe8 26. Bxa7 Rxd1 27.
Rxd1 Rc8 28. Rd2 Nd5 29. Be4 Nf6 30. Bd4 Rc1+ 31. Kf2 b5 32. Bd3 Bc4 33. Bc3
1-0

[Event "Copenhagen Chess Challenge 2013"]
[Site "Ballerup"]
[Date "2013.??.??"]
[Round "6"]
[White "Semcesen, Daniel"]
[Black "Villegas, Pierre"]
[Result "1-0"]
[WhiteElo "2464"]
[BlackElo "2281"]
[PlyCount "101"]
[EventDate "2013.??.??"]
[EventType "swiss"]
[EventRounds "9"]
[EventCountry "DEN"]

1. Nf3 d5 2. g3 c6 3. Bg2 Bg4 4. d3 Nf6 5. h3 Bh5 6. b3 e6 7. Bb2 a5 8. a3 Nbd7
9. Nbd2 Be7 10. g4 Bg6 11. Nh4 Qb6 12. e3 O-O 13. O-O Ne8 14. Nxg6 fxg6 15. c4
Bf6 16. d4 Nc7 17. Rb1 g5 18. Nf3 Qa6 19. Qc2 a4 20. Rfc1 axb3 21. Qxb3 Rfb8
22. e4 Qa4 23. Qe3 h6 24. Bf1 Kh8 25. Bd3 Re8 26. e5 Be7 27. c5 Rab8 28. Kg2 b6
29. cxb6 Rxb6 30. h4 gxh4 31. g5 h3+ 32. Kxh3 Rb3 33. gxh6 g5 34. Bc3 g4+ 35.
Kxg4 Rg8+ 36. Kh3 Rxb1 37. Rxb1 Qa8 38. Rg1 Rxg1 39. Nxg1 Bxa3 40. Qg5 Qg8 41.
Nf3 Qf7 42. Nh4 Nf8 43. f4 Nb5 44. Ba1 Be7 45. Qg4 Nc7 46. Nf3 Qg8 47. Bc3 Nh7
48. Bd2 Bf8 49. Qh5 Be7 50. Be3 Ne8 51. Ng5 1-0

[Event "Copenhagen Chess Challenge 2013"]
[Site "Ballerup"]
[Date "2013.??.??"]
[Round "6"]
[White "Johansson, Linus"]
[Black "Hove, Esben Kjems"]
[Result "1-0"]
[WhiteElo "2348"]
[BlackElo "2233"]
[PlyCount "67"]
[EventDate "2013.??.??"]
[EventType "swiss"]
[EventRounds "9"]
[EventCountry "DEN"]

1. d4 d5 2. c4 c6 3. Nf3 Nf6 4. Nc3 dxc4 5. a4 Bf5 6. Ne5 Nbd7 7. Nxc4 Qc7 8.
g3 e5 9. dxe5 Nxe5 10. Bf4 Nfd7 11. Bg2 g5 12. Ne3 gxf4 13. Nxf5 O-O-O 14. O-O
Nc5 15. Qc2 Ne6 16. Rfc1 Qa5 17. Nb5 f3 18. exf3 Bc5 19. Nc3 Nd3 20. Rf1 Bxf2+
21. Rxf2 Qxf5 22. Rd1 Rd7 23. Rfd2 Qc5+ 24. Kh1 Nb4 25. Qe4 Rxd2 26. Rxd2 Nd5
27. Qe5 Re8 28. Bh3 Qc4 29. Ne4 Qc1+ 30. Kg2 Rd8 31. Bxe6+ fxe6 32. Qxe6+ Kb8
33. Qe5+ Ka8 34. Qg5 1-0

[Event "Copenhagen Chess Challenge 2013"]
[Site "Ballerup"]
[Date "2013.??.??"]
[Round "6"]
[White "Sylvan, Jacob"]
[Black "Schou Moldt, Thomas"]
[Result "1-0"]
[WhiteElo "2341"]
[BlackElo "2220"]
[PlyCount "115"]
[EventDate "2013.??.??"]
[EventType "swiss"]
[EventRounds "9"]
[EventCountry "DEN"]

1. d4 Nf6 2. c4 g6 3. Nc3 Bg7 4. e4 d6 5. f3 O-O 6. Be3 c5 7. Nge2 Nc6 8. d5
Na5 9. Ng3 a6 10. Be2 e6 11. O-O exd5 12. cxd5 Re8 13. Rc1 b5 14. Qd2 h5 15.
Bg5 Qb6 16. b3 Bd7 17. Rfe1 b4 18. Nb1 h4 19. Nh1 h3 20. gxh3 Re5 21. Nf2 Rxg5+
22. Qxg5 Nh5 23. Bc4 Nxc4 24. bxc4 a5 25. e5 dxe5 26. Ne4 Nf4 27. Qe7 Nxh3+ 28.
Kh1 Bf5 29. Nbd2 Rc8 30. Nd6 Rf8 31. N2e4 Bxe4 32. Nxe4 b3 33. axb3 Qxb3 34.
Rf1 Qe3 35. Qh4 Nf4 36. Qf2 Qxf2 37. Nxf2 f5 38. Rfd1 Rd8 39. Nd3 Ne2 40. Rc2
Nd4 41. Ra2 Nxf3 42. Nxc5 Ra8 43. Ne6 Bf6 44. c5 Kf7 45. c6 Ke7 46. Nc7 Rd8 47.
Nb5 Nd4 48. d6+ Rxd6 49. Nxd6 Kxd6 50. Rxa5 Bd8 51. Ra8 Kc7 52. Rc1 Ne6 53.
Ra7+ Kc8 54. Rh7 e4 55. Rh8 Nc7 56. Rd1 Ne6 57. Rd6 Nc5 58. Rhxd8+ 1-0

[Event "Copenhagen Chess Challenge 2013"]
[Site "Ballerup"]
[Date "2013.??.??"]
[Round "6"]
[White "Lokander, Martin"]
[Black "Westerinen, Heikki"]
[Result "1-0"]
[WhiteElo "2225"]
[BlackElo "2335"]
[PlyCount "77"]
[EventDate "2013.??.??"]
[EventType "swiss"]
[EventRounds "9"]
[EventCountry "DEN"]

1. d4 Nf6 2. c4 g6 3. Nc3 Bg7 4. e4 d6 5. f4 O-O 6. Nf3 c5 7. d5 e6 8. dxe6
Bxe6 9. Bd3 Bg4 10. O-O Nc6 11. h3 Bxf3 12. Qxf3 a6 13. Be3 Nd7 14. Rad1 Nd4
15. Qf2 f5 16. exf5 gxf5 17. Ne2 Qf6 18. Bxd4 cxd4 19. Ng3 Nc5 20. Bxf5 Rae8
21. b4 Na4 22. Bd7 Nc3 23. Bxe8 Nxd1 24. Rxd1 Rxe8 25. Nh5 Qg6 26. Nxg7 Qxg7
27. Qxd4 Re1+ 28. Kh2 Rxd1 29. Qxd1 Qf6 30. Qd5+ Kf8 31. f5 h5 32. c5 dxc5 33.
Qxc5+ Kg7 34. Qc7+ Kh6 35. Qf4+ Kh7 36. a4 h4 37. a5 Kg7 38. Qc7+ Kh6 39. Qb6
1-0

[Event "Copenhagen Chess Challenge 2013"]
[Site "Ballerup"]
[Date "2013.??.??"]
[Round "6"]
[White "Lovik, Lasse Ostebo"]
[Black "Molvig, Henrik"]
[Result "1-0"]
[WhiteElo "2310"]
[BlackElo "2178"]
[PlyCount "79"]
[EventDate "2013.??.??"]
[EventType "swiss"]
[EventRounds "9"]
[EventCountry "DEN"]

1. Nf3 Nf6 2. c4 g6 3. g3 Bg7 4. Bg2 O-O 5. d4 d6 6. O-O Nc6 7. Nc3 Bf5 8. Bf4
Ne4 9. Nd5 e5 10. dxe5 dxe5 11. Be3 Nd6 12. Bc5 Nxc4 13. Bxf8 Kxf8 14. Nd2 Nd6
15. e4 Be6 16. Nb3 Nd4 17. Nxd4 exd4 18. Rc1 c6 19. Nf4 Bxa2 20. Re1 Qb6 21.
Qa4 Qb3 22. Qa5 b6 23. Qg5 Qb5 24. e5 Nc4 25. Nd3 Re8 26. Qh4 Kg8 27. Qxd4 c5
28. Qc3 Na5 29. f4 Nb3 30. Rcd1 Nd4 31. b4 Bf8 32. bxc5 bxc5 33. Kh1 Nf5 34.
Ra1 Be6 35. Reb1 Qd7 36. Nxc5 Bxc5 37. Qxc5 Rc8 38. Qxa7 Qd2 39. Rd1 Qe2 40.
Re1 1-0

[Event "Copenhagen Chess Challenge 2013"]
[Site "Ballerup"]
[Date "2013.??.??"]
[Round "6"]
[White "Johansen, Johnny Holler"]
[Black "Ochsner, Bjorn Moller"]
[Result "0-1"]
[WhiteElo "2016"]
[BlackElo "2347"]
[PlyCount "74"]
[EventDate "2013.??.??"]
[EventType "swiss"]
[EventRounds "9"]
[EventCountry "DEN"]

1. e4 d6 2. d4 Nf6 3. Nc3 e5 4. dxe5 dxe5 5. Qxd8+ Kxd8 6. Nf3 Bd6 7. Bc4 Ke8
8. Bg5 Nbd7 9. O-O a6 10. Rfe1 b5 11. Bd5 Nxd5 12. Nxd5 c6 13. Nc3 f6 14. Be3
Ke7 15. Rad1 Rd8 16. Rd3 Nf8 17. Rxd6 Rxd6 18. Bc5 Ne6 19. Bxd6+ Kxd6 20. Rd1+
Ke7 21. Nd2 a5 22. Ne2 Nc5 23. f3 Be6 24. Nb3 Na4 25. Rb1 c5 26. Kf2 Kd6 27.
Ke3 Kc6 28. c3 Nb6 29. g3 Nc4+ 30. Kf2 Rd8 31. Ke1 a4 32. Na1 Nd2 33. Rc1 Nxf3+
34. Kf2 Nxh2 35. Rh1 Ng4+ 36. Kf3 Rd3+ 37. Kg2 h6 0-1

[Event "Copenhagen Chess Challenge 2013"]
[Site "Ballerup"]
[Date "2013.??.??"]
[Round "6"]
[White "Percivaldi, Martin"]
[Black "Bejtovic, Jasmin"]
[Result "0-1"]
[WhiteElo "2097"]
[BlackElo "2406"]
[PlyCount "80"]
[EventDate "2013.??.??"]
[EventType "swiss"]
[EventRounds "9"]
[EventCountry "DEN"]

1. d4 Nf6 2. c4 g6 3. Nc3 Bg7 4. e4 d6 5. f3 O-O 6. Be3 a6 7. Qd2 Nbd7 8. Nge2
c5 9. Rd1 b6 10. Nc1 cxd4 11. Bxd4 Bb7 12. Nb3 Rc8 13. Be2 Re8 14. O-O e6 15.
Be3 d5 16. cxd5 exd5 17. Bd3 b5 18. Nxd5 Nxd5 19. exd5 Bxd5 20. Rfe1 Ne5 21.
Be2 Bc4 22. Qxd8 Rcxd8 23. Rxd8 Rxd8 24. Nc5 Bxe2 25. Rxe2 Nc4 26. Bf2 Rd1+ 27.
Re1 Rxe1+ 28. Bxe1 Bd4+ 29. Bf2 Bxc5 30. Bxc5 Nxb2 31. Kf1 Nd3 32. Be3 f5 33.
Ke2 Nb4 34. a3 Nc6 35. g4 Kf7 36. gxf5 gxf5 37. Bc5 Ke6 38. Ke3 Ne5 39. Bf8 Kd5
40. Kf4 Ng6+ 0-1

[Event "Copenhagen Chess Challenge 2013"]
[Site "Ballerup"]
[Date "2013.??.??"]
[Round "6"]
[White "Brondt, Nicolai Kvist"]
[Black "Hansen, Mads"]
[Result "0-1"]
[WhiteElo "2169"]
[BlackElo "2301"]
[PlyCount "52"]
[EventDate "2013.??.??"]
[EventType "swiss"]
[EventRounds "9"]
[EventCountry "DEN"]

1. d4 Nf6 2. Nf3 e6 3. g3 c5 4. c4 cxd4 5. Nxd4 d5 6. Bg2 e5 7. Nc2 d4 8. O-O
Nc6 9. f4 e4 10. b4 Bg4 11. h3 d3 12. hxg4 dxc2 13. Qxd8+ Rxd8 14. Na3 Nxb4 15.
g5 Bc5+ 16. e3 Ng4 17. Bxe4 Nxe3 18. Re1 Rd1 19. Kf2 Ng4+ 20. Ke2 Rxe1+ 21.
Kxe1 Bd4 22. Bxc2 Bxa1 23. Bf5 h5 24. Bd2 Nc6 25. Nc2 Nd4 26. Nxd4 Bxd4 0-1

[Event "Copenhagen Chess Challenge 2013"]
[Site "Ballerup"]
[Date "2013.??.??"]
[Round "6"]
[White "Lindgren, Philip"]
[Black "Andersen, Rune Egede"]
[Result "1-0"]
[WhiteElo "2260"]
[BlackElo "2069"]
[PlyCount "81"]
[EventDate "2013.??.??"]
[EventType "swiss"]
[EventRounds "9"]
[EventCountry "DEN"]

1. c4 Nf6 2. d4 e6 3. Nf3 Bb4+ 4. Bd2 Qe7 5. g3 Ne4 6. Bg2 Nxd2 7. Nbxd2 c5 8.
O-O cxd4 9. Nxd4 Nc6 10. Nb5 O-O 11. a3 Ba5 12. b4 a6 13. Nc3 Bc7 14. Rc1 d6
15. Qc2 Bd7 16. Nb3 Rab8 17. Nd5 exd5 18. cxd5 Ne5 19. Qxc7 Rfc8 20. Qb6 Nc4
21. Qa7 Bb5 22. Na5 Nxa5 23. bxa5 Qxe2 24. Rxc8+ Rxc8 25. Qxb7 Qe8 26. Rb1 g6
27. Bf1 Rc5 28. Bxb5 Rxb5 29. Rxb5 Qe1+ 30. Kg2 Qe4+ 31. Kf1 Qc4+ 32. Kg1 axb5
33. Qb8+ Kg7 34. Qxd6 Qe4 35. h4 Qe1+ 36. Kg2 Qxa5 37. Qe5+ Kf8 38. d6 Kg8 39.
d7 Qa8+ 40. Kh2 Kf8 41. Qh8+ 1-0

[Event "Copenhagen Chess Challenge 2013"]
[Site "Ballerup"]
[Date "2013.??.??"]
[Round "6"]
[White "Rydstrom, Tom"]
[Black "Gandrud, Vegar Koi"]
[Result "1/2-1/2"]
[WhiteElo "2149"]
[BlackElo "2251"]
[PlyCount "63"]
[EventDate "2013.??.??"]
[EventType "swiss"]
[EventRounds "9"]
[EventCountry "DEN"]

1. e4 c5 2. Nf3 d6 3. d4 cxd4 4. Nxd4 Nf6 5. Nc3 a6 6. Bg5 Nbd7 7. f3 Qc7 8.
Qd2 h6 9. Be3 e6 10. O-O-O b5 11. a3 Bb7 12. Bxb5 axb5 13. Ndxb5 Qb8 14. Nxd6+
Bxd6 15. Qxd6 Qxd6 16. Rxd6 Ra6 17. Rxa6 Bxa6 18. b4 Ke7 19. Bd4 e5 20. Be3 Rb8
21. Rd1 Ke6 22. Nd5 Nxd5 23. Rxd5 Bc4 24. Rd2 Ra8 25. Kb2 Ra6 26. Rd1 Nb6 27.
Bxb6 Rxb6 28. Ra1 Kd6 29. Kc3 Rc6 30. Kb2 Rb6 31. Kc3 Rc6 32. Kb2 1/2-1/2